ბათუმის შოთა რუსთაველის სახელმწიფო უნივერსიტეტის ბიბლიოთეკა

Коллоидная химия (ბიბ.ჩანაწერი № 49570)

000 -LEADER
fixed length control field 00846nam a2200277Ia 4500
001 - CONTROL NUMBER
control field 16502
003 - CONTROL NUMBER IDENTIFIER
control field GE_BSU
008 - FIXED-LENGTH DATA ELEMENTS--GENERAL INFORMATION
fixed length control field 181216s||||||||xx |||||||||||||| ||und||
010 ## - LIBRARY OF CONGRESS CONTROL NUMBER
LC control number 9785769554384
020 ## - INTERNATIONAL STANDARD BOOK NUMBER
International Standard Book Number 4-е изд,перераб
040 ## - CATALOGING SOURCE
Transcribing agency GE_BSU
080 ## - UNIVERSAL DECIMAL CLASSIFICATION NUMBER
Universal Decimal Classification number 544.77(075.8)
100 ## - MAIN ENTRY--PERSONAL NAME
Personal name Сумм,Б,Д.
245 ## - TITLE STATEMENT
Title Коллоидная химия
245 ## - TITLE STATEMENT
Remainder of title Учеб.пособ. для студ,учереждений высш,проф,образования
245 ## - TITLE STATEMENT
Statement of responsibility, etc. Ред:В,Г,Буханцов
260 ## - PUBLICATION, DISTRIBUTION, ETC.
Place of publication, distribution, etc. Москва
260 ## - PUBLICATION, DISTRIBUTION, ETC.
Name of publisher, distributor, etc. издательский центр академия
260 ## - PUBLICATION, DISTRIBUTION, ETC.
Date of publication, distribution, etc. 2013
300 ## - PHYSICAL DESCRIPTION
Extent 240стр,20см
653 ## - INDEX TERM--UNCONTROLLED
Uncontrolled term Коллоидная химия
653 ## - INDEX TERM--UNCONTROLLED
Uncontrolled term კოლოიდური ქიმია
653 ## - INDEX TERM--UNCONTROLLED
Uncontrolled term ქიმია
942 ## - ADDED ENTRY ELEMENTS (KOHA)
Koha item type წიგნი
ეგზემპლარები
Withdrawn status Lost status Damaged status Not for loan Date acquired Barcode Date last seen Price effective from Koha item type
        2018-12-17 41131 2018-12-17 2018-12-17 წიგნი